000 01267naa a22002777a 4500
001 BR8302151
003 BR-BrBNA
005 20250721143226.0
007 ta
008 250630b bl.|||m| |||| 00| 0 por d
040 _aBR-BrBNA
_bpor
_cBiblioteca Nacional de Agricultura
041 _a(Pt)
072 _aF27
_b2121
090 _aF27 BR8302151
100 1 _aCanto, A. do C.
111 1 _aSimposio sobre Sistemas de Producao em Consorcio para Exploracao Permanente dos Solos da Amazonia
_cBelem, PA (Brazil)
_d19 Nov 1980
245 1 _aSistemas de producao de guarana consorciado com culturas de expressao economica [Paullinia cupana]
500 _aAnais do Simposio sobre Sistemas de Producao em Consorcio para Exploracao Permanente dos Solos da Amazonia Belem, PA (Brasil): 1982. p. 175-186 (BR8302151-AMS)
773 0 _tAnais do Simposio sobre Sistemas de Producao em Consorcio para Exploracao Permanente dos Solos da Amazonia
_wF27 BR8302151
_gBelem, PA (Brasil), 1982. p. 175-186
650 _aGUARANA
650 _aCONSORCIACAO DE CULTURA
650 _aSISTEMA DE PRODUCAO
490 _aDocumentos - Centro de Pesquisa Agropecuaria do Tropico Umido (Brazil)
_vno. 7
_xISSN 0101-2835
942 _cAMS
_2AGRIS
909 _a202506
_bLúcia
_c55
_dLúcia Elande
999 _c334504
_d334504